| 000 | 00446nab a2200145Ia 4500 | ||
|---|---|---|---|
| 003 | ES-SlBCS | ||
| 005 | 20210601131005.0 | ||
| 008 | 140529s1987 xxu||||| |||| 00| 0 fre d | ||
| 041 | _afre | ||
| 100 | 1 |
_aHermann, F. W. Von _9179495 |
|
| 245 | 0 | 0 |
_aHusserl et Descartes _c F. W. von Hermann |
| 600 | 1 |
_aHusserl, Edmund-Descartes _9155777 |
|
| 773 | 0 |
_tRevue de Métaphysique et de Morale _gvol. 92, nº. 1, 1987, págs. 4-24 _wRev1457 |
|
| 942 | _cAR | ||
| 999 |
_c555812 _d555812 |
||